000
00392nam a22001697a 4500
003
MPLRDC
005
20220104143505.0
008
210129b ||||| |||| 00| 0 eng d
082
_a
857.7 LZC
100
_a
李志超
245
_a
暗中杀人
_c
250
_a
第一版
260
_a
_b
壹出版有限公司
_c
1997
300
_b
平
650
_a
长篇小说
942
_c
BK
_o
857.7 LZC
999
_c
40423
_d
40413